000 00572nam a2200169 a 4500
001 000027803
005 20200930031117.0
008 110405s2001 dr 000 0 spa d
040 _aDO-SdBNP
_bspa
_cBNPHU
100 1 _aMorillo, Julián
_d1959-
_954878
245 1 0 _aHuellas :
_bpoemas y cuentos /
_cJulián Morillo; prólogo Jorge Mañach.
260 _aBonao, República Dominicana :
_bEditado Impresos Pedrito,
_c2001.
300 _a84 ;
_c22 cm.
500 _aIncluye referencia del autor en al contrasolapa
700 1 _aMañach, Jorge
_epról.
_954879
049 _aBNPD
999 _c27295
_d27295